Statistics for Countries of Africa with an Empty Map - One Minute Sprint

Click here to take the quiz!

General Stats

  • This quiz has been taken 1,233 times
  • The average score is 32 of 54

Answers on the Map

Answers color-coded by a green-red scale on the quiz's map according to % correct below.
 

Answer Stats

Country% Correct
Egypt
94%
Algeria
92%
Libya
88%
Chad
85%
Sudan
85%
Niger
83%
Mali
80%
Morocco
80%
Nigeria
80%
Congo (Dem. Rep.)
79%
Ethiopia
76%
South Sudan
74%
Tunisia
74%
Congo (Rep.)
73%
South Africa
73%
Kenya
71%
Angola
69%
Ghana
68%
Mauritania
67%
Somalia
66%
Central African
Republic
63%
Benin
62%
Eritrea
62%
Namibia
61%
Tanzania
61%
Togo
60%
Zambia
59%
Cameroon
58%
Uganda
58%
Djibouti
54%
Guinea
54%
Rwanda
53%
Senegal
53%
Gambia
52%
Zimbabwe
52%
Gabon
51%
Lesotho
51%
Mozambique
50%
Botswana
49%
Malawi
49%
Burundi
46%
Burkina Faso
43%
Liberia
42%
Guinea-Bissau
39%
Sierra Leone
38%
Côte d'Ivoire
37%
Madagascar
37%
Swaziland
34%
Cape Verde
31%
São Tomé and
Príncipe
31%
Comoros
30%
Mauritius
28%
Seychelles
24%
Equatorial Guinea
22%

Score Distribution

Percentile by Number Answered

Percent of People with Each Score

Your Score History

You have not taken this quiz